00424nam a2200169Ia 4500008004100000020001800041041000800059082001600067100001500083245003400098250001200132260003800144300000900182500002300191650002500214700001500239230125s9999 xx 000 0 und d a0-07-015335-3 aeng a658.15bGUR aGurusamy S aFinancial Services and System a2nd Ed. c2009bTata McGraw HillaNew Delhi a436p aFinancial services aFinancial Management aGurusamy S